[Event "ODJM A 2025"]
[Site "Willingen GER"]
[Date "2025.06.08"]
[Round "1"]
[White "Arne, Jonas"]
[Black "Köhler, Lukas"]
[Result "0-1"]
[Termination "normal"]
[Board "15"]
[WhiteElo "1938"]
[BlackElo "2043"]
[WhiteClock "00:21:19"]
[BlackClock "00:11:16"]
[PlyCount "98"]
[WhiteFideId "34640398"]
[BlackFideId "16221990"]
[EventCountry "GER"]
[EventRounds "9"]
[EventType "swiss"]
[EventDate "2025.06.07"]

1. e4 {[%clk 01:30:58]} {[%emt 00:00:02]} c5 {[%clk 01:30:49]} {[%emt
00:00:12]} 2. Nc3 {[%clk 01:31:12]} {[%emt 00:00:16]} a6 {[%clk 01:30:59]}
{[%emt 00:00:20]} 3. a4 {[%clk 01:30:07]} {[%emt 00:01:34]} e6 {[%clk
01:29:52]} {[%emt 00:01:38]} 4. Nge2 {[%clk 01:29:00]} {[%emt 00:01:36]} Qc7
{[%clk 01:26:00]} {[%emt 00:04:21]} 5. g3 {[%clk 01:25:27]} {[%emt 00:04:04]}
Nc6 {[%clk 01:24:06]} {[%emt 00:02:24]} 6. Bg2 {[%clk 01:24:03]} {[%emt
00:01:53]} Nf6 {[%clk 01:22:25]} {[%emt 00:02:12]} 7. O-O {[%clk 01:23:13]}
{[%emt 00:01:19]} Be7 {[%clk 01:20:54]} {[%emt 00:02:02]} 8. f4 {[%clk
01:04:49]} {[%emt 00:18:55]} d6 {[%clk 01:19:01]} {[%emt 00:02:22]} 9. d3
{[%clk 01:00:42]} {[%emt 00:04:37]} Rb8 {[%emt 00:11:53]} 10. h3 {[%clk
00:51:33]} {[%emt 00:00:31]} b5 {[%clk 01:15:40]} {[%emt 00:01:36]} 11. axb5
{[%clk 00:51:04]} {[%emt 00:00:59]} axb5 {[%clk 01:16:08]} {[%emt 00:00:04]}
12. Kh2 {[%clk 00:49:26]} {[%emt 00:02:06]} O-O {[%clk 00:55:25]} {[%emt
00:21:13]} 13. Be3 {[%clk 00:38:48]} {[%emt 00:11:09]} Rd8 {[%clk 00:46:34]}
{[%emt 00:09:21]} 14. Bg1 {[%clk 00:27:15]} {[%emt 00:12:01]} Nd7 {[%clk
00:26:29]} {[%emt 00:20:36]} 15. d4 {[%clk 00:16:15]} {[%emt 00:11:31]} b4
{[%clk 00:25:31]} {[%emt 00:01:28]} 16. Na4 {[%clk 00:12:16]} {[%emt 00:04:29]}
cxd4 {[%clk 00:22:11]} {[%emt 00:03:50]} 17. Nxd4 {[%clk 00:10:45]} {[%emt
00:02:00]} Nxd4 {[%clk 00:18:44]} {[%emt 00:03:57]} 18. Bxd4 {[%clk 00:10:57]}
{[%emt 00:00:18]} e5 {[%clk 00:17:57]} {[%emt 00:01:18]} 19. Be3 {[%clk
00:08:44]} {[%emt 00:02:43]} exf4 {[%clk 00:17:00]} {[%emt 00:01:27]} 20. Bxf4
{[%clk 00:07:30]} {[%emt 00:01:43]} Ne5 {[%clk 00:16:45]} {[%emt 00:00:45]} 21.
b3 {[%clk 00:05:45]} {[%emt 00:02:15]} Bf6 {[%clk 00:13:48]} {[%emt 00:03:28]}
22. Rb1 {[%clk 00:05:33]} {[%emt 00:00:41]} Ba6 {[%clk 00:13:40]} {[%emt
00:00:39]} 23. Rf2 {[%clk 00:05:12]} {[%emt 00:00:51]} Rbc8 {[%clk 00:13:27]}
{[%emt 00:00:41]} 24. Qd2 {[%clk 00:03:18]} {[%emt 00:02:25]} Qa5 {[%clk
00:11:31]} {[%emt 00:02:27]} 25. Qd5 {[%clk 00:02:04]} {[%emt 00:01:44]} Qxd5
{[%clk 00:03:46]} {[%emt 00:08:15]} 26. exd5 {[%clk 00:02:32]} {[%emt
00:00:01]} Rc7 {[%clk 00:03:08]} {[%emt 00:01:08]} 27. Bf1 {[%clk 00:02:21]}
{[%emt 00:00:41]} Bxf1 {[%clk 00:03:02]} {[%emt 00:00:37]} 28. Rbxf1 {[%clk
00:02:45]} {[%emt 00:00:05]} Ra8 {[%clk 00:01:37]} {[%emt 00:01:56]} 29. Nb6
{[%clk 00:02:10]} {[%emt 00:01:05]} Ra2 {[%clk 00:01:29]} {[%emt 00:00:37]} 30.
Bxe5 {[%clk 00:02:27]} {[%emt 00:00:14]} Rcxc2 {[%clk 00:00:42]} {[%emt
00:01:17]} 31. Kg2 {[%clk 00:01:45]} {[%emt 00:01:12]} Bxe5 {[%clk 00:00:44]}
{[%emt 00:00:28]} 32. Nc4 {[%clk 00:01:58]} {[%emt 00:00:16]} f6 {[%clk
00:00:49]} {[%emt 00:00:25]} 33. Rxc2 {[%clk 00:01:29]} {[%emt 00:00:59]} Rxc2+
{[%clk 00:01:18]} {[%emt 00:00:01]} 34. Rf2 {[%clk 00:01:52]} {[%emt 00:00:07]}
Rc3 {[%clk 00:01:20]} {[%emt 00:00:28]} 35. Rf3 {[%clk 00:02:13]} {[%emt
00:00:09]} Rc2+ {[%clk 00:01:49]} {[%emt 00:00:01]} 36. Rf2 {[%clk 00:02:37]}
{[%emt 00:00:06]} Rc1 {[%clk 00:01:28]} {[%emt 00:00:51]} 37. g4 {[%clk
00:02:08]} {[%emt 00:01:00]} Rb1 {[%clk 00:01:10]} {[%emt 00:00:46]} 38. Rf3
{[%clk 00:01:36]} {[%emt 00:01:04]} Kf7 {[%clk 00:01:12]} {[%emt 00:00:27]} 39.
Rd3 {[%clk 00:00:42]} {[%emt 00:01:25]} Ke7 {[%clk 00:01:04]} {[%emt 00:00:36]}
40. Ne3 {[%clk 00:00:37]} {[%emt 00:00:35]} Bc3 {[%clk 00:00:39]} {[%emt
00:00:55]} 41. Nf5+ {[%clk 00:29:46]} {[%emt 00:01:23]} Kd7 {[%clk 00:27:48]}
{[%emt 00:03:20]} 42. Nxg7 {[%clk 00:29:13]} {[%emt 00:01:03]} Rxb3 {[%clk
00:27:24]} {[%emt 00:00:54]} 43. Nf5 {[%clk 00:28:52]} {[%emt 00:00:50]} Rb2+
{[%clk 00:13:23]} {[%emt 00:14:32]} 44. Kf3 {[%clk 00:26:34]} {[%emt 00:02:49]}
Be5 {[%clk 00:13:31]} {[%emt 00:00:20]} 45. Nd4 {[%clk 00:25:24]} {[%emt
00:01:42]} Kc7 {[%clk 00:12:53]} {[%emt 00:01:07]} 46. Ke4 {[%clk 00:23:00]}
{[%emt 00:02:54]} Kb6 {[%clk 00:12:29]} {[%emt 00:00:53]} 47. Nc6 {[%clk
00:21:31]} {[%emt 00:01:59]} Kc5 {[%clk 00:11:12]} {[%emt 00:01:46]} 48. g5
{[%clk 00:21:01]} {[%emt 00:01:02]} fxg5 {[%clk 00:11:16]} {[%emt 00:00:26]}
49. Nxe5 {[%clk 00:21:19]} {[%emt 00:00:12]} Re2+ {[%emt 00:00:50]} 0-1

[Event "ODJM A 2025"]
[Site "Willingen GER"]
[Date "2025.06.08"]
[Round "1"]
[White "Hoffmann, Kay"]
[Black "Theisen, Johannes"]
[Result "1/2-1/2"]
[Termination "normal"]
[Board "16"]
[WhiteElo "2123"]
[BlackElo "1831"]
[WhiteClock "00:05:03"]
[BlackClock "00:16:07"]
[PlyCount "95"]
[WhiteFideId "16227000"]
[BlackFideId "16255526"]
[EventCountry "GER"]
[EventRounds "9"]
[EventType "swiss"]
[EventDate "2025.06.07"]

1. d4 {[%clk 01:30:58]} {[%emt 00:00:02]} d5 {[%clk 01:30:53]} {[%emt
00:00:07]} 2. c4 {[%clk 01:31:23]} {[%emt 00:00:06]} c5 {[%clk 01:30:55]}
{[%emt 00:00:27]} 3. cxd5 {[%clk 01:30:26]} {[%emt 00:01:27]} Qxd5 {[%clk
01:31:15]} {[%emt 00:00:11]} 4. Nf3 {[%clk 01:30:44]} {[%emt 00:00:12]} cxd4
{[%clk 01:31:33]} {[%emt 00:00:11]} 5. Nc3 {[%clk 01:31:01]} {[%emt 00:00:12]}
Qa5 {[%clk 01:31:58]} {[%emt 00:00:06]} 6. Nxd4 {[%clk 01:30:41]} {[%emt
00:00:49]} Nf6 {[%clk 01:32:23]} {[%emt 00:00:06]} 7. Nb3 {[%clk 01:01:15]}
{[%emt 00:29:56]} Qc7 {[%clk 01:32:32]} {[%emt 00:00:21]} 8. Bg5 {[%emt
00:27:27]} Bf5 {[%clk 00:57:46]} {[%emt 00:11:36]} 9. Nd4 {[%clk 00:47:33]}
{[%emt 00:10:55]} Bd7 {[%clk 00:57:14]} {[%emt 00:01:02]} 10. Rc1 {[%clk
00:45:45]} {[%emt 00:02:18]} Nc6 {[%clk 00:57:01]} {[%emt 00:00:44]} 11. Ndb5
{[%clk 00:40:50]} {[%emt 00:05:23]} Qa5 {[%clk 00:44:16]} {[%emt 00:13:16]} 12.
Qd2 {[%clk 00:23:08]} {[%emt 00:18:11]} a6 {[%clk 00:40:39]} {[%emt 00:04:08]}
13. Bxf6 {[%clk 00:14:50]} {[%emt 00:08:48]} exf6 {[%clk 00:27:21]} {[%emt
00:13:48]} 14. Nd6+ {[%clk 00:15:12]} {[%emt 00:00:06]} Bxd6 {[%clk 00:27:44]}
{[%emt 00:00:09]} 15. Qxd6 {[%clk 00:15:37]} {[%emt 00:00:06]} Qb4 {[%clk
00:22:02]} {[%emt 00:06:12]} 16. Qxb4 {[%clk 00:15:59]} {[%emt 00:00:07]} Nxb4
{[%clk 00:22:29]} {[%emt 00:00:03]} 17. a3 {[%clk 00:16:21]} {[%emt 00:00:09]}
Nc6 {[%clk 00:22:19]} {[%emt 00:00:39]} 18. Nd5 {[%clk 00:15:57]} {[%emt
00:00:53]} O-O {[%clk 00:19:30]} {[%emt 00:03:20]} 19. e3 {[%clk 00:15:25]}
{[%emt 00:01:02]} Rad8 {[%clk 00:10:30]} {[%emt 00:09:30]} 20. Be2 {[%clk
00:10:54]} {[%emt 00:05:01]} Be6 {[%clk 00:05:17]} {[%emt 00:05:43]} 21. Nc7
{[%clk 00:06:50]} {[%emt 00:04:34]} Ne5 {[%clk 00:04:05]} {[%emt 00:01:42]} 22.
Nxe6 {[%clk 00:05:38]} {[%emt 00:01:42]} fxe6 {[%clk 00:04:33]} {[%emt
00:00:02]} 23. Rc3 {[%clk 00:04:13]} {[%emt 00:01:54]} Rd6 {[%clk 00:03:05]}
{[%emt 00:01:59]} 24. f4 {[%clk 00:02:25]} {[%emt 00:02:19]} Ng6 {[%clk
00:02:33]} {[%emt 00:01:02]} 25. Bc4 {[%clk 00:02:25]} {[%emt 00:00:29]} Rfd8
{[%clk 00:02:03]} {[%emt 00:01:00]} 26. O-O {[%clk 00:01:23]} {[%emt 00:01:32]}
Kf8 {[%clk 00:02:06]} {[%emt 00:00:27]} 27. Bb3 {[%clk 00:00:45]} {[%emt
00:01:08]} Ke7 {[%clk 00:00:42]} {[%emt 00:01:53]} 28. Rc7+ {[%clk 00:00:58]}
{[%emt 00:00:18]} R8d7 {[%clk 00:00:35]} {[%emt 00:00:36]} 29. Rfc1 {[%clk
00:01:20]} {[%emt 00:00:08]} Nf8 {[%clk 00:00:36]} {[%emt 00:00:30]} 30. Ba4
{[%clk 00:01:20]} {[%emt 00:00:30]} b5 {[%clk 00:00:39]} {[%emt 00:00:27]} 31.
Bb3 {[%clk 00:01:26]} {[%emt 00:00:24]} Rd3 {[%clk 00:00:47]} {[%emt 00:00:22]}
32. R1c3 {[%clk 00:01:29]} {[%emt 00:00:27]} Rxc3 {[%clk 00:00:47]} {[%emt
00:00:30]} 33. Rxc3 {[%clk 00:01:54]} {[%emt 00:00:06]} Rd2 {[%clk 00:00:45]}
{[%emt 00:00:31]} 34. Bc2 {[%clk 00:01:49]} {[%emt 00:00:35]} h6 {[%clk
00:00:58]} {[%emt 00:00:17]} 35. b4 {[%clk 00:01:47]} {[%emt 00:00:32]} Nd7
{[%clk 00:00:34]} {[%emt 00:00:54]} 36. Be4 {[%clk 00:01:24]} {[%emt 00:00:53]}
Rd6 {[%clk 00:00:34]} {[%emt 00:00:31]} 37. Kf2 {[%clk 00:01:28]} {[%emt
00:00:25]} Nb6 {[%clk 00:00:33]} {[%emt 00:00:31]} 38. Bd3 {[%clk 00:00:36]}
{[%emt 00:01:22]} Nd5 {[%clk 00:00:35]} {[%emt 00:00:28]} 39. Rc5 {[%clk
00:00:49]} {[%emt 00:00:18]} Nxb4 {[%clk 00:00:34]} {[%emt 00:00:31]} 40. Bxb5
{[%clk 00:00:56]} {[%emt 00:00:22]} Nd3+ {[%clk 00:00:35]} {[%emt 00:00:29]}
41. Bxd3 {[%clk 00:24:04]} {[%emt 00:07:24]} Rxd3 {[%clk 00:30:58]} {[%emt
00:00:07]} 42. Ra5 {[%clk 00:24:22]} {[%emt 00:00:11]} Rd6 {[%clk 00:30:35]}
{[%emt 00:00:53]} 43. Kf3 {[%clk 00:20:11]} {[%emt 00:04:42]} f5 {[%clk
00:29:34]} {[%emt 00:01:30]} 44. g4 {[%clk 00:19:06]} {[%emt 00:01:34]} g6
{[%clk 00:22:48]} {[%emt 00:07:17]} 45. h4 {[%clk 00:14:12]} {[%emt 00:05:24]}
Rc6 {[%clk 00:20:31]} {[%emt 00:02:47]} 46. Ra4 {[%clk 00:07:33]} {[%emt
00:07:08]} h5 {[%clk 00:15:41]} {[%emt 00:05:19]} 47. gxh5 {[%clk 00:07:58]}
{[%emt 00:00:05]} gxh5 {[%clk 00:16:07]} {[%emt 00:00:04]} 48. Ra5 {[%clk
00:05:03]} {[%emt 00:03:25]} 1/2-1/2

[Event "ODJM A 2025"]
[Site "Willingen GER"]
[Date "2025.06.08"]
[Round "1"]
[White "Uhlmann, Jonas"]
[Black "Uhlmann, Tim"]
[Result "0-1"]
[Termination "normal"]
[Board "17"]
[WhiteElo "1876"]
[BlackElo "2118"]
[WhiteClock "01:03:46"]
[BlackClock "00:43:22"]
[PlyCount "100"]
[WhiteFideId "16258576"]
[BlackFideId "16239210"]
[EventCountry "GER"]
[EventRounds "9"]
[EventType "swiss"]
[EventDate "2025.06.07"]

1. e4 {[%clk 01:30:57]} {[%emt 00:00:02]} e5 {[%clk 01:30:42]} {[%emt
00:00:19]} 2. Nf3 {[%clk 01:31:14]} {[%emt 00:00:12]} Nc6 {[%clk 01:31:08]}
{[%emt 00:00:04]} 3. d4 {[%clk 01:31:34]} {[%emt 00:00:10]} exd4 {[%clk
01:31:34]} {[%emt 00:00:05]} 4. Bc4 {[%clk 01:31:53]} {[%emt 00:00:11]} Bc5
{[%clk 01:31:37]} {[%emt 00:00:27]} 5. Ng5 {[%clk 01:32:10]} {[%emt 00:00:12]}
Nh6 {[%clk 01:31:59]} {[%emt 00:00:08]} 6. Nxf7 {[%clk 01:32:27]} {[%emt
00:00:13]} Nxf7 {[%clk 01:32:24]} {[%emt 00:00:04]} 7. Bxf7+ {[%clk 01:32:48]}
{[%emt 00:00:10]} Kxf7 {[%clk 01:32:45]} {[%emt 00:00:09]} 8. Qh5+ {[%clk
01:33:08]} {[%emt 00:00:10]} g6 {[%clk 01:32:47]} {[%emt 00:00:28]} 9. Qxc5
{[%clk 01:33:30]} {[%emt 00:00:08]} d5 {[%clk 01:28:29]} {[%emt 00:04:48]} 10.
O-O {[%clk 01:33:47]} {[%emt 00:00:13]} dxe4 {[%clk 01:28:17]} {[%emt
00:00:44]} 11. c3 {[%clk 01:34:07]} {[%emt 00:00:09]} Qd6 {[%clk 01:27:06]}
{[%emt 00:01:41]} 12. Qxd6 {[%clk 01:33:36]} {[%emt 00:01:00]} cxd6 {[%clk
01:27:30]} {[%emt 00:00:07]} 13. cxd4 {[%clk 01:33:24]} {[%emt 00:00:41]} Nxd4
{[%clk 01:27:53]} {[%emt 00:00:08]} 14. Nc3 {[%clk 01:33:42]} {[%emt 00:00:11]}
Bf5 {[%clk 01:22:58]} {[%emt 00:05:25]} 15. Bf4 {[%clk 01:33:50]} {[%emt
00:00:22]} Rac8 {[%clk 01:16:57]} {[%emt 00:06:30]} 16. Rad1 {[%clk 01:30:39]}
{[%emt 00:03:40]} Rxc3 {[%clk 01:16:08]} {[%emt 00:01:20]} 17. Rxd4 {[%clk
01:30:48]} {[%emt 00:00:21]} Rd3 {[%clk 01:15:04]} {[%emt 00:01:34]} 18. Rxd6
{[%clk 01:30:01]} {[%emt 00:01:17]} Rc8 {[%clk 01:15:15]} {[%emt 00:00:19]} 19.
Rxd3 {[%clk 01:28:59]} exd3 {[%clk 01:15:40]} {[%emt 00:01:38]} 20. Rc1 {[%clk
01:29:07]} Rc2 {[%clk 01:15:17]} {[%emt 00:01:15]} 21. Rxc2 dxc2 22. Kf1 {[%clk
01:29:27]} {[%emt 00:00:12]} Kf6 {[%clk 01:11:58]} {[%emt 00:04:14]} 23. h4
{[%clk 01:29:03]} {[%emt 00:00:55]} Bd3+ {[%clk 01:10:01]} {[%emt 00:02:27]}
24. Ke1 {[%clk 01:28:53]} {[%emt 00:00:40]} Kf5 {[%clk 01:10:23]} {[%emt
00:00:08]} 25. Be3 {[%clk 01:28:49]} {[%emt 00:00:33]} Kg4 {[%clk 01:07:38]}
{[%emt 00:03:15]} 26. Kd2 {[%clk 01:28:12]} {[%emt 00:01:08]} Bf5 {[%clk
01:07:38]} {[%emt 00:00:31]} 27. g3 {[%clk 01:28:10]} {[%emt 00:00:36]} a6
{[%clk 01:06:24]} {[%emt 00:09:53]} 28. Ke2 {[%clk 01:27:31]} b5 {[%clk
01:05:01]} 29. a3 {[%clk 01:27:10]} a5 {[%clk 01:03:18]} {[%emt 00:00:16]} 30.
Bd2 {[%clk 01:26:40]} {[%emt 00:00:09]} b4 {[%clk 01:02:46]} {[%emt 00:00:08]}
31. axb4 {[%clk 01:26:56]} {[%emt 00:00:01]} axb4 {[%clk 01:03:11]} 32. Ke3
{[%clk 01:27:13]} h5 {[%clk 01:00:03]} {[%emt 00:03:28]} 33. Bc1 {[%clk
01:27:13]} {[%emt 00:00:30]} Be6 {[%clk 00:55:40]} {[%emt 00:04:52]} 34. Ke4
{[%clk 01:26:21]} {[%emt 00:01:23]} Bb3 {[%clk 00:52:48]} {[%emt 00:03:21]} 35.
Bd2 {[%clk 01:26:17]} {[%emt 00:00:34]} Be6 {[%clk 00:50:49]} {[%emt 00:02:30]}
36. Bc1 {[%clk 01:25:44]} {[%emt 00:01:03]} b3 {[%clk 00:48:24]} {[%emt
00:02:55]} 37. Bd2 {[%clk 01:24:34]} {[%emt 00:01:40]} Kh3 {[%clk 00:48:06]}
{[%emt 00:00:48]} 38. Kf3 {[%clk 01:24:24]} {[%emt 00:00:40]} Bg4+ {[%clk
00:47:57]} {[%emt 00:00:40]} 39. Ke3 {[%clk 01:24:10]} {[%emt 00:00:44]} Kg2
{[%clk 00:47:59]} {[%emt 00:00:27]} 40. Bc1 {[%clk 01:24:19]} {[%emt 00:00:21]}
Kf1 {[%clk 00:47:58]} {[%emt 00:00:31]} 41. Bd2 {[%clk 01:21:51]} {[%emt
00:02:58]} Be6 {[%clk 00:45:48]} {[%emt 00:02:39]} 42. f3 {[%clk 01:16:53]}
{[%emt 00:05:30]} Bf5 {[%clk 00:43:24]} {[%emt 00:02:53]} 43. g4 {[%clk
01:12:02]} {[%emt 00:05:21]} Bxg4 {[%clk 00:42:12]} {[%emt 00:01:42]} 44. f4
{[%clk 01:09:45]} {[%emt 00:02:47]} Be6 {[%clk 00:41:32]} {[%emt 00:01:10]} 45.
Kf3 {[%clk 01:09:56]} {[%emt 00:00:19]} Bf5 {[%clk 00:41:53]} {[%emt 00:00:09]}
46. Ke3 {[%clk 01:07:00]} {[%emt 00:03:26]} Bg4 {[%clk 00:42:15]} {[%emt
00:00:07]} 47. Kd3 {[%clk 01:04:22]} {[%emt 00:03:10]} Kf2 {[%clk 00:42:37]}
{[%emt 00:00:07]} 48. Be3+ {[%clk 01:04:33]} {[%emt 00:00:19]} Ke1 {[%clk
00:43:00]} {[%emt 00:00:07]} 49. Kc3 {[%clk 01:04:09]} {[%emt 00:00:55]} Be6
{[%clk 00:43:22]} {[%emt 00:00:07]} 50. Kd4 {[%clk 01:03:46]} {[%emt 00:00:53]}
Kd1 {[%emt 00:00:12]} 0-1

[Event "ODJM A 2025"]
[Site "Willingen GER"]
[Date "2025.06.08"]
[Round "1"]
[White "Mimkes, Antal"]
[Black "Direk, Oguzhan"]
[Result "1-0"]
[Termination "normal"]
[Board "18"]
[WhiteElo "2074"]
[BlackElo "1912"]
[WhiteClock "00:15:38"]
[BlackClock "00:27:16"]
[PlyCount "99"]
[WhiteFideId "16265963"]
[BlackFideId "16294343"]
[EventCountry "GER"]
[EventRounds "9"]
[EventType "swiss"]
[EventDate "2025.06.07"]

1. e4 {[%clk 01:30:46]} {[%emt 00:00:14]} c5 {[%clk 01:30:55]} {[%emt
00:00:05]} 2. Nf3 {[%clk 01:30:57]} {[%emt 00:00:18]} e6 {[%clk 01:31:20]}
{[%emt 00:00:06]} 3. d4 {[%clk 01:30:56]} {[%emt 00:00:31]} cxd4 {[%clk
01:31:45]} {[%emt 00:00:05]} 4. Nxd4 {[%clk 01:31:05]} {[%emt 00:00:17]} Nc6
{[%clk 01:32:11]} {[%emt 00:00:09]} 5. Nc3 {[%clk 01:30:55]} {[%emt 00:00:40]}
Qc7 {[%clk 01:32:35]} {[%emt 00:00:06]} 6. Be3 {[%clk 01:30:26]} {[%emt
00:00:59]} a6 {[%clk 01:33:00]} {[%emt 00:00:06]} 7. Qf3 {[%clk 01:29:16]}
{[%emt 00:01:40]} Bd6 {[%clk 01:21:58]} {[%emt 00:11:31]} 8. O-O-O {[%clk
01:28:18]} {[%emt 00:01:28]} Be5 {[%clk 01:20:57]} {[%emt 00:01:31]} 9. Nxc6
{[%clk 01:28:31]} {[%emt 00:00:17]} bxc6 {[%clk 01:20:33]} {[%emt 00:00:53]}
10. Bd4 {[%clk 01:28:39]} {[%emt 00:00:23]} Nf6 {[%clk 01:18:36]} {[%emt
00:02:27]} 11. Bxe5 {[%clk 01:28:53]} {[%emt 00:00:16]} Qxe5 {[%clk 01:18:59]}
{[%emt 00:00:08]} 12. Rg1 {[%clk 01:28:53]} {[%emt 00:00:30]} O-O {[%clk
01:15:30]} {[%emt 00:03:58]} 13. g4 {[%clk 01:29:04]} {[%emt 00:00:20]} d5
{[%clk 01:12:49]} {[%emt 00:03:10]} 14. Bd3 {[%clk 01:29:29]} {[%emt 00:00:05]}
d4 {[%clk 01:07:17]} {[%emt 00:06:02]} 15. Nb1 {[%clk 01:27:48]} {[%emt
00:02:11]} Qg5+ {[%clk 00:57:05]} {[%emt 00:10:43]} 16. Nd2 {[%clk 01:26:42]}
{[%emt 00:01:37]} e5 {[%emt 00:08:55]} 17. Qg3 {[%clk 00:55:40]} {[%emt
00:22:43]} Re8 {[%clk 00:44:52]} {[%emt 00:13:06]} 18. f3 {[%clk 00:50:43]}
{[%emt 00:05:26]} Nd7 {[%clk 00:45:07]} {[%emt 00:00:15]} 19. Kb1 {[%clk
00:50:29]} {[%emt 00:00:45]} Rb8 {[%clk 00:42:55]} {[%emt 00:02:42]} 20. Nc4
{[%clk 00:49:13]} {[%emt 00:01:45]} Qe7 {[%clk 00:41:40]} {[%emt 00:01:45]} 21.
f4 {[%clk 00:47:58]} {[%emt 00:01:45]} Nc5 {[%clk 00:36:38]} {[%emt 00:05:32]}
22. Ka1 {[%clk 00:41:53]} {[%emt 00:06:35]} Na4 {[%clk 00:35:56]} {[%emt
00:01:13]} 23. Rb1 {[%clk 00:38:20]} {[%emt 00:04:02]} Be6 {[%clk 00:28:20]}
{[%emt 00:08:06]} 24. f5 {[%clk 00:37:03]} {[%emt 00:01:47]} Bxc4 {[%clk
00:27:22]} {[%emt 00:01:29]} 25. Bxc4 {[%clk 00:36:01]} {[%emt 00:01:33]} Qb4
{[%clk 00:27:07]} {[%emt 00:00:44]} 26. Bb3 {[%clk 00:35:01]} {[%emt 00:01:29]}
Nc5 {[%clk 00:27:09]} {[%emt 00:00:29]} 27. g5 {[%clk 00:29:34]} {[%emt
00:05:56]} Nxe4 {[%clk 00:23:13]} {[%emt 00:04:26]} 28. Bxf7+ {[%clk 00:20:54]}
{[%emt 00:09:10]} Kxf7 {[%clk 00:23:36]} {[%emt 00:00:08]} 29. g6+ {[%clk
00:21:21]} {[%emt 00:00:03]} Ke7 {[%clk 00:23:32]} {[%emt 00:00:33]} 30. Qh4+
{[%clk 00:18:37]} {[%emt 00:03:13]} Nf6 {[%clk 00:23:54]} {[%emt 00:00:09]} 31.
gxh7 {[%clk 00:19:03]} {[%emt 00:00:03]} Kd6 {[%clk 00:14:16]} {[%emt
00:10:08]} 32. Rxg7 {[%clk 00:18:31]} {[%emt 00:01:03]} Nd5 {[%clk 00:14:42]}
{[%emt 00:00:04]} 33. Qh6+ {[%clk 00:13:08]} {[%emt 00:05:53]} Kc5 {[%clk
00:14:40]} {[%emt 00:00:31]} 34. a3 {[%clk 00:13:03]} {[%emt 00:00:35]} Qa5
{[%clk 00:14:38]} {[%emt 00:00:30]} 35. Rg6 {[%clk 00:11:35]} {[%emt 00:01:59]}
Qa4 {[%clk 00:10:01]} {[%emt 00:05:08]} 36. Re6 {[%clk 00:05:00]} {[%emt
00:07:05]} Nb4 {[%clk 00:03:09]} {[%emt 00:07:23]} 37. Rc1 {[%clk 00:05:08]}
{[%emt 00:00:22]} Rxe6 {[%clk 00:02:05]} {[%emt 00:01:34]} 38. Qxe6 {[%clk
00:05:25]} {[%emt 00:00:12]} Nd5 {[%clk 00:00:47]} {[%emt 00:01:49]} 39. Qxe5
{[%clk 00:04:23]} {[%emt 00:01:32]} Rxb2 {[%clk 00:00:47]} {[%emt 00:00:30]}
40. Kxb2 {[%clk 00:04:29]} {[%emt 00:00:24]} Qb5+ {[%clk 00:00:52]} {[%emt
00:00:25]} 41. Ka2 {[%clk 00:30:20]} {[%emt 00:04:39]} Qc4+ {[%clk 00:29:09]}
{[%emt 00:02:12]} 42. Ka1 {[%clk 00:30:34]} {[%emt 00:00:16]} Qc3+ {[%clk
00:28:59]} {[%emt 00:00:41]} 43. Kb1 {[%clk 00:20:29]} {[%emt 00:10:35]} Qxa3
{[%clk 00:29:23]} {[%emt 00:00:07]} 44. Qxd4+ {[%clk 00:20:47]} {[%emt
00:00:11]} Kxd4 {[%clk 00:29:08]} {[%emt 00:00:44]} 45. h8=Q+ {[%clk 00:21:03]}
{[%emt 00:00:13]} Kc4 {[%clk 00:29:17]} {[%emt 00:00:21]} 46. Qh4+ {[%clk
00:21:03]} {[%emt 00:00:30]} Kb5 {[%clk 00:28:08]} {[%emt 00:01:40]} 47. c4+
{[%clk 00:21:19]} {[%emt 00:00:15]} Ka5 {[%clk 00:28:34]} {[%emt 00:00:04]} 48.
Qe1+ {[%clk 00:17:19]} {[%emt 00:04:28]} Nb4 {[%clk 00:27:15]} {[%emt
00:01:49]} 49. Qe5+ {[%clk 00:15:28]} {[%emt 00:02:22]} Ka4 {[%clk 00:27:16]}
{[%emt 00:00:29]} 50. Qa1 {[%clk 00:15:38]} {[%emt 00:00:20]} 1-0